[Event "Begonia op 58th"]
[Site "Ballarat"]
[Date "2024.03.10"]
[Round "3"]
[White "Radovanovic, Mihajlo"]
[Black "Bassig, Hamish"]
[Result "1-0"]
[WhiteElo "2464"]
[BlackElo "2020"]
[PlyCount "39"]
[EventDate "2024.03.09"]
[EventType "swiss"]
[EventRounds "7"]
[EventCountry "AUS"]
[SourceTitle "CB11_2024"]
[SourceDate "2024.03.13"]
[SourceVersion "1"]
[SourceVersionDate "2024.03.13"]
[SourceQuality "1"]

1. c4 e6 2. g3 d5 3. Bg2 Nf6 4. d4 dxc4 5. Qa4+ Nbd7 6. Qxc4 a6 7. Qc2 Rb8 8. Nf3 b5 9. Bd2 Bb7 10. Ba5 Bd6 11. Nbd2 Rc8 12. e4 e5 13. dxe5 Nxe5 14. Nxe5 Bxe5 15. 0-0-0 Qe7 16. f4 Bd4 17. e5 Bxg2 18. exf6 Qxf6 19. Rhe1+ Kf8 20. Nb3 1-0

[Event "Sydney NSW op"]
[Site "Sydney"]
[Date "2023.06.11"]
[Round "5"]
[White "Rodgers, Jack"]
[Black "Radovanovic, Mihajlo"]
[Result "0-1"]
[WhiteElo "2047"]
[BlackElo "2459"]
[PlyCount "60"]
[EventDate "2023.06.10"]
[EventType "swiss"]
[EventRounds "7"]
[EventCountry "AUS"]
[SourceTitle "CBM 214 Extra"]
[Source "ChessBase"]
[SourceDate "2023.07.31"]
[SourceVersion "1"]
[SourceVersionDate "2023.07.31"]
[SourceQuality "1"]

1. d4 d6 2. c4 e5 3. d5 a5 4. e4 Be7 5. Be2 Nd7 6. Nf3 Ngf6 7. Nc3 c6 8. h3 Nc5 9. Qc2 cxd5 10. cxd5 Bd7 11. Be3 Rc8 12. Bxc5 Rxc5 13. Qb3 b5 14. Bxb5 Bxb5 15. Nxb5 Nxe4 16. 0-0 0-0 17. Rac1 Qb6 18. a4 Rxc1 19. Rxc1 Qxf2+ 20. Kh1 Ng3+ 21. Kh2 Nf1+ 22. Kh1 Ne3 23. Rg1 e4 24. Nh2 f5 25. Nd4 Bf6 26. Ne6 Be5 27. Nxf8 Qg3 28. Nf1 Nxf1 29. Qxg3 Nxg3+ 30. Kh2 Ne2+ 0-1

[Event "SRB-chT Premier"]
[Site "Vrnjacka Banja"]
[Date "2022.09.30"]
[Round "11.2"]
[White "Markovic, Miroslav"]
[Black "Radovanovic, Mihajlo"]
[Result "0-1"]
[WhiteElo "2275"]
[BlackElo "2438"]
[PlyCount "62"]
[EventDate "2022.09.20"]
[EventType "team-tourn"]
[EventRounds "11"]
[EventCountry "SRB"]
[SourceTitle "CBM 210 Extra"]
[Source "ChessBase"]
[SourceDate "2022.11.30"]
[SourceVersion "1"]
[SourceVersionDate "2022.11.30"]
[SourceQuality "1"]
[WhiteTeam "Kac Jugovic"]
[BlackTeam "Belgrade Zmaj"]
[WhiteTeamCountry "SRB"]
[BlackTeamCountry "SRB"]

1. e4 c5 2. c3 d5 3. d3 Nc6 4. Nd2 Nf6 5. g3 e5 6. Ngf3 Be7 7. Bg2 0-0 8. 0-0 d4 9. c4 a6 10. Ne1 b5 11. b3 Rb8 12. h3 g6 13. Ndf3 bxc4 14. bxc4 Kg7 15. Qd2 Ng8 16. Nh2 Bd6 17. a3 Na5 18. Qd1 Nb3 19. Rb1 Nxc1 20. Qxc1 Rxb1 21. Qxb1 Nf6 22. Nef3 Qa5 23. Qc1 Bd7 24. Nh4 h6 25. f4 Nh5 26. Rf3 Qc3 27. Qf1 exf4 28. gxf4 Be7 29. Qf2 Rb8 30. f5 Qc1+ 31. Nf1 Rb2 0-1

[Event "SRB-chT Premier"]
[Site "Vrnjacka Banja"]
[Date "2022.09.25"]
[Round "6.5"]
[White "Radovanovic, Mihajlo"]
[Black "Perunovic, Miodrag"]
[Result "1-0"]
[WhiteElo "2438"]
[BlackElo "2413"]
[PlyCount "81"]
[EventDate "2022.09.20"]
[EventType "team-tourn"]
[EventRounds "11"]
[EventCountry "SRB"]
[SourceTitle "CBM 210 Extra"]
[Source "ChessBase"]
[SourceDate "2022.11.30"]
[SourceVersion "1"]
[SourceVersionDate "2022.11.30"]
[SourceQuality "1"]
[WhiteTeam "Belgrade Zmaj"]
[BlackTeam "Pozega"]
[WhiteTeamCountry "SRB"]
[BlackTeamCountry "SRB"]

1. c4 e5 2. Nc3 Nf6 3. e3 Nc6 4. Qb3 Bb4 5. Nge2 0-0 6. a3 Bc5 7. g3 Re8 8. Bg2 a6 9. 0-0 Ba7 10. Qc2 Rb8 11. b4 d6 12. Bb2 Ne7 13. Nd5 Nfxd5 14. cxd5 Bf5 15. Qb3 Qd7 16. f4 Ng6 17. fxe5 dxe5 18. Rf2 Re7 19. Nc3 Bh3 20. Bh1 h5 21. Ne4 h4 22. Bf3 Rf8 23. Ng5 hxg3 24. hxg3 Qf5 25. Nxh3 Qxh3 26. Be2 Qxg3+ 27. Rg2 Qh3 28. Rf1 Qh6 29. Rh2 Nh4 30. Qc4 g5 31. Rhf2 b5 32. Qe4 f5 33. Rxf5 Nxf5 34. Rxf5 Rh7 35. Rxf8+ Kxf8 36. Bxe5 Rf7 37. d6 c6 38. Qxc6 Qe6 39. Qa8+ Qe8 40. Qxe8+ Kxe8 41. Bh5 1-0

[Event "SRB-chT Premier"]
[Site "Vrnjacka Banja"]
[Date "2022.09.22"]
[Round "3.4"]
[White "Radovanovic, Mihajlo"]
[Black "Zlatanovic, Boroljub"]
[Result "1-0"]
[WhiteElo "2438"]
[BlackElo "2313"]
[PlyCount "277"]
[EventDate "2022.09.20"]
[EventType "team-tourn"]
[EventRounds "11"]
[EventCountry "SRB"]
[SourceTitle "CBM 210 Extra"]
[Source "ChessBase"]
[SourceDate "2022.11.30"]
[SourceVersion "1"]
[SourceVersionDate "2022.11.30"]
[SourceQuality "1"]
[WhiteTeam "Belgrade Zmaj"]
[BlackTeam "Opovo Bata Cosic"]
[WhiteTeamCountry "SRB"]
[BlackTeamCountry "SRB"]

1. d4 Nf6 2. Nf3 g6 3. c4 Bg7 4. Nc3 d6 5. e4 0-0 6. Be2 e5 7. 0-0 Nc6 8. d5 Ne7 9. b4 Ne8 10. a4 f5 11. a5 Nf6 12. Ra3 fxe4 13. Ng5 Nf5 14. Ncxe4 Nd4 15. Bd3 Bf5 16. Ng3 Bg4 17. Qe1 c6 18. Be3 cxd5 19. cxd5 Rc8 20. Qb1 Kh8 21. Qa2 Qe8 22. h3 Bd7 23. N3e4 Qe7 24. Nxf6 Bxf6 25. Ne4 Nb5 26. Rb3 Bf5 27. Nxf6 Bxd3 28. Rxd3 Qxf6 29. a6 b6 30. Qa4 Nc3 31. Qd7 Qf5 32. Qxf5 gxf5 33. f4 Ne2+ 34. Kf2 Nxf4 35. Bxf4 exf4 36. Re1 Rg8 37. Rd2 Rc4 38. Re7 Rg7 39. Rb7 Rxb4 40. Rc2 h5 41. Rc8+ Kh7 42. Ra8 Kh6 43. Rh8+ Kg6 44. Rd8 Kf6 45. Rxg7 Kxg7 46. Rxd6 Ra4 47. Rd7+ Kf6 48. Rxa7 Ke5 49. Ra8 Kxd5 50. Kf3 Kc6 51. h4 Kb5 52. Rh8 Kxa6 53. Rxh5 b5 54. Rxf5 b4 55. Rxf4 Kb5 56. h5 b3 57. Rxa4 Kxa4 58. h6 b2 59. h7 b1Q 60. h8Q Qf5+ 61. Kg3 Kb5 62. Qd4 Kc6 63. Qc4+ Kb6 64. Qf4 Qg6+ 65. Kf3 Qh5+ 66. g4 Qh3+ 67. Ke4 Kc6 68. Qf6+ Kd7 69. Kf5 Ke8 70. Kg5 Qe3+ 71. Kg6 Qb3 72. g5 Qd3+ 73. Kg7 Qd7+ 74. Kh8 Qh3+ 75. Kg8 Qb3+ 76. Kg7 Qb7+ 77. Kh8 Qh1+ 78. Kg8 Qd5+ 79. Kh7 Qd7+ 80. Qg7 Qh3+ 81. Kg8 Qe6+ 82. Kh7 Qh3+ 83. Qh6 Qd7+ 84. Kh8 Qd4+ 85. Qg7 Qh4+ 86. Kg8 Qc4+ 87. Kh7 Qh4+ 88. Qh6 Qf4 89. g6 Qe4 90. Qg7 Qf5 91. Kg8 Qh5 92. Qf7+ Kd8 93. g7 Qg5 94. Qe6 Qh4 95. Qd6+ Ke8 96. Qe5+ Kd7 97. Kf7 Qc4+ 98. Kg6 Qg4+ 99. Qg5 Qe6+ 100. Kh7 Qh3+ 101. Qh6 Qf5+ 102. Kh8 Qe5 103. Qh3+ Kc6 104. Qf3+ Kb5 105. Kh7 Qe7 106. Kg6 Qe6+ 107. Qf6 Qc4 108. Qe5+ Ka6 109. Qd6+ Kb7 110. Qe7+ Ka6 111. Qa3+ Kb5 112. Qb2+ Ka4 113. Qe5 Qc6+ 114. Kf7 Qb7+ 115. Kf8 Qb4+ 116. Qe7 Qf4+ 117. Qf7 Qd6+ 118. Kg8 Qd4 119. Qe6 Qf4 120. Qe8+ Ka5 121. Qh5+ Ka4 122. Kh8 Qd4 123. Qg5 Ka3 124. Qe7+ Ka4 125. Kg8 Qf4 126. Kh7 Qf5+ 127. Kh6 Qh3+ 128. Kg6 Qg4+ 129. Qg5 Qe6+ 130. Kh5 Qf7+ 131. Kg4 Qe6+ 132. Qf5 Qe2+ 133. Kh4 Qe1+ 134. Kh5 Qe8+ 135. Qg6 Qg8 136. Qc6+ Ka5 137. Kg6 Kb4 138. Qb7+ Ka3 139. Qf7 1-0

[Event "Titled Tuesday intern op 10th May Late"]
[Site "Chess.com INT"]
[Date "2022.05.10"]
[Round "5"]
[White "Bettalli, Francesco"]
[Black "Radovanovic, Mihajlo"]
[Result "1-0"]
[WhiteElo "2304"]
[BlackElo "2438"]
[PlyCount "59"]
[EventDate "2022.05.10"]
[EventType "swiss (blitz)"]
[EventRounds "11"]
[EventCountry "USA"]
[SourceTitle "CBM 208 Extra"]
[Source "ChessBase"]
[SourceDate "2022.07.31"]
[SourceVersion "1"]
[SourceVersionDate "2022.07.31"]
[SourceQuality "1"]

1. d4 Nf6 2. Nc3 d5 3. Bf4 a6 4. e3 b5 5. a3 e6 6. Nf3 Bb7 7. Bd3 c5 8. dxc5 Bxc5 9. 0-0 0-0 10. Ne5 Nbd7 11. Ne2 Rc8 12. c3 Bd6 13. Nxd7 Qxd7 14. Bg3 e5 15. Bc2 Rfe8 16. Bh4 Be7 17. Ng3 e4 18. Ne2 Qg4 19. Bg3 Qg6 20. Nf4 Qf5 21. Bb3 g5 22. Nh5 g4 23. Nf4 h5 24. Bh4 Red8 25. Qd4 Bc5 26. Qxf6 Qxf6 27. Bxf6 Rd6 28. Bd4 Bxd4 29. cxd4 Rdc6 30. Ne2 1-0

[Event "SRB-chT 1st League CS"]
[Site "Bajina Basta"]
[Date "2021.10.01"]
[Round "9.1"]
[White "Radovanovic, Mihajlo"]
[Black "Ivic, Velimir"]
[Result "0-1"]
[WhiteElo "2451"]
[BlackElo "2603"]
[PlyCount "78"]
[EventDate "2021.09.26"]
[EventType "team-tourn"]
[EventRounds "11"]
[EventCountry "SRB"]
[SourceTitle "EXT 2023"]
[Source "ChessBase"]
[SourceDate "2022.10.05"]
[SourceVersion "1"]
[SourceVersionDate "2022.10.05"]
[SourceQuality "1"]
[WhiteTeam "Kostolac Rudar"]
[BlackTeam "Pozega"]
[WhiteTeamCountry "SRB"]
[BlackTeamCountry "SRB"]

1. d4 Nf6 2. c4 e6 3. Nc3 d5 4. cxd5 exd5 5. Bg5 Bb4 6. e3 h6 7. Bxf6 Qxf6 8. Qb3 Qd6 9. a3 Bxc3+ 10. bxc3 0-0 11. Bd3 Nd7 12. Ne2 c5 13. Qb1 Nf6 14. Nf4 Bd7 15. 0-0 b6 16. a4 Rac8 17. h3 Rc7 18. Ra2 Rfc8 19. Ne2 Qe7 20. Re1 Qe8 21. Ng3 cxd4 22. cxd4 Bxa4 23. e4 dxe4 24. Nxe4 Nxe4 25. Bxe4 Qb5 26. Qa1 Bb3 27. Rxa7 Rxa7 28. Qxa7 Qb4 29. Qa1 Be6 30. Rb1 Qd6 31. Qb2 Bd7 32. d5 b5 33. g4 h5 34. Qb4 Qf6 35. Bg2 hxg4 36. hxg4 Rc4 37. Qb2 Qg6 38. f3 Rc2 39. Qb4 Qb6+ 0-1

[Event "SRB-chT 1st League CS"]
[Site "Bajina Basta"]
[Date "2021.09.30"]
[Round "7.1"]
[White "Radovanovic, Mihajlo"]
[Black "Enchev, Ivajlo"]
[Result "1-0"]
[WhiteElo "2451"]
[BlackElo "2471"]
[PlyCount "63"]
[EventDate "2021.09.26"]
[EventType "team-tourn"]
[EventRounds "11"]
[EventCountry "SRB"]
[SourceTitle "EXT 2023"]
[Source "ChessBase"]
[SourceDate "2022.10.05"]
[SourceVersion "1"]
[SourceVersionDate "2022.10.05"]
[SourceQuality "1"]
[WhiteTeam "Kostolac Rudar"]
[BlackTeam "Smederevska Palanka Jasenica"]
[WhiteTeamCountry "SRB"]
[BlackTeamCountry "SRB"]

1. d4 d5 2. c4 c6 3. Nf3 Nf6 4. g3 e6 5. Bg2 Bb4+ 6. Nc3 dxc4 7. Ne5 c5 8. Qa4+ Nbd7 9. Nxc4 0-0 10. 0-0 Nb6 11. Nxb6 Qxb6 12. dxc5 Bxc5 13. Ne4 Nxe4 14. Qxe4 Rd8 15. Bf4 f6 16. Rac1 e5 17. Bxe5 fxe5 18. Qc4+ Be6 19. Qxc5 Qxb2 20. Rb1 Qxe2 21. Rxb7 Qxa2 22. Qxe5 Bf7 23. Rb2 Re8 24. Qb5 Qa3 25. Bxa8 Rxa8 26. Qb8+ Rxb8 27. Rxb8+ Be8 28. Rxe8+ Kf7 29. Rfe1 g5 30. R8e3 Qc5 31. Ra1 Kg6 32. h3 1-0

[Event "SRB-chT 1st League CS"]
[Site "Bajina Basta"]
[Date "2021.09.29"]
[Round "5.1"]
[White "Radovanovic, Mihajlo"]
[Black "Moiseenko, Alexander"]
[Result "0-1"]
[WhiteElo "2451"]
[BlackElo "2622"]
[PlyCount "106"]
[EventDate "2021.09.26"]
[EventType "team-tourn"]
[EventRounds "11"]
[EventCountry "SRB"]
[SourceTitle "EXT 2023"]
[Source "ChessBase"]
[SourceDate "2022.10.05"]
[SourceVersion "1"]
[SourceVersionDate "2022.10.05"]
[SourceQuality "1"]
[WhiteTeam "Kostolac Rudar"]
[BlackTeam "Gornji Milanovac Metalac"]
[WhiteTeamCountry "SRB"]
[BlackTeamCountry "SRB"]

1. d4 Nf6 2. c4 e6 3. Nc3 Bb4 4. a3 Bxc3+ 5. bxc3 Nc6 6. e3 0-0 7. Bd3 e5 8. Ne2 e4 9. Bc2 b6 10. Ng3 Ba6 11. f3 exf3 12. Qxf3 Bxc4 13. e4 Re8 14. Kf2 d6 15. Re1 Ne7 16. Kg1 Nd7 17. Bg5 f6 18. Bd2 c5 19. Nh5 Ng6 20. Qg3 Qe7 21. Re3 Rac8 22. Rae1 b5 23. Qf2 Nb6 24. d5 Nd7 25. Ng3 Nde5 26. Nf5 Qd7 27. Rg3 Kh8 28. h4 Rg8 29. h5 Ne7 30. Nh4 Rgf8 31. Qf4 g5 32. hxg6 N7xg6 33. Qh6 Nxh4 34. Qxh4 Qf7 35. Bd1 Rg8 36. Bh5 Rxg3 37. Bxf7 Nf3+ 38. Kf2 Nxh4 39. Kxg3 Ng6 40. Bh6 a5 41. Be6 Rb8 42. Kg4 Ne7 43. Re3 b4 44. cxb4 cxb4 45. axb4 axb4 46. Rg3 b3 47. Kf4 Rg8 48. Bxg8 Ng6+ 49. Kf5 b2 50. Be6 b1Q 51. Kxf6 Qb2+ 52. Kf7 Qf2+ 53. Rf3 Qa7+ 0-1

[Event "SRB-chT 1st League CS"]
[Site "Bajina Basta"]
[Date "2021.09.27"]
[Round "3.1"]
[White "Radovanovic, Mihajlo"]
[Black "Celik, Hasan Huseyin"]
[Result "1/2-1/2"]
[WhiteElo "2451"]
[BlackElo "2370"]
[PlyCount "40"]
[EventDate "2021.09.26"]
[EventType "team-tourn"]
[EventRounds "11"]
[EventCountry "SRB"]
[SourceTitle "EXT 2023"]
[Source "ChessBase"]
[SourceDate "2022.10.05"]
[SourceVersion "1"]
[SourceVersionDate "2022.10.05"]
[SourceQuality "1"]
[WhiteTeam "Kostolac Rudar"]
[BlackTeam "Cacak Borac"]
[WhiteTeamCountry "SRB"]
[BlackTeamCountry "SRB"]

1. d4 d5 2. c4 c6 3. Nf3 Nf6 4. g3 Bg4 5. Bg2 e6 6. Qb3 Qb6 7. Nc3 Nbd7 8. Bf4 Be7 9. c5 Qxb3 10. axb3 Bxf3 11. Bxf3 0-0 12. b4 a6 13. h4 h5 14. 0-0 Rfe8 15. Rfd1 Bf8 16. Bg2 g6 17. Ra3 Bg7 18. e4 dxe4 19. Bxe4 Nd5 20. Bxd5 exd5 1/2-1/2

[Event "SRB-chT 1st League CS"]
[Site "Bajina Basta"]
[Date "2021.09.27"]
[Round "2.1"]
[White "Tadic, Stefan"]
[Black "Radovanovic, Mihajlo"]
[Result "1-0"]
[WhiteElo "2339"]
[BlackElo "2451"]
[PlyCount "81"]
[EventDate "2021.09.26"]
[EventType "team-tourn"]
[EventRounds "11"]
[EventCountry "SRB"]
[SourceTitle "EXT 2023"]
[Source "ChessBase"]
[SourceDate "2022.10.05"]
[SourceVersion "1"]
[SourceVersionDate "2022.10.05"]
[SourceQuality "1"]
[WhiteTeam "Arandjelovac"]
[BlackTeam "Kostolac Rudar"]
[WhiteTeamCountry "SRB"]
[BlackTeamCountry "SRB"]

1. e4 e5 2. Nf3 Nc6 3. Nc3 Nf6 4. Bb5 Bd6 5. d3 0-0 6. 0-0 h6 7. a3 Re8 8. h3 Bf8 9. Re1 d6 10. d4 Bd7 11. dxe5 Nxe5 12. Bxd7 Qxd7 13. Nxe5 dxe5 14. Qxd7 Nxd7 15. Be3 c6 16. Rad1 Nf6 17. Rd3 b5 18. f3 Rec8 19. f4 exf4 20. Bxf4 Re8 21. e5 g5 22. Bh2 Nh5 23. Ne4 Bg7 24. Rd6 Re6 25. Rxe6 fxe6 26. Nc5 Re8 27. g4 Nf4 28. Bxf4 gxf4 29. Kf2 Rd8 30. Nxe6 Rd2+ 31. Kf3 Rxc2 32. Nc7 Kf8 33. Ne6+ Kf7 34. Nd4 Rd2 35. Nf5 Bh8 36. e6+ Ke8 37. e7 Bxb2 38. Re6 Rd3+ 39. Kxf4 c5 40. Rg6 Rd4+ 41. Kf3 1-0

[Event "SRB-chT Premier"]
[Site "Vrnjacka Banja"]
[Date "2021.09.14"]
[Round "9.6"]
[White "Ristic, Luka"]
[Black "Radovanovic, Mihajlo"]
[Result "0-1"]
[WhiteElo "2292"]
[BlackElo "2451"]
[PlyCount "86"]
[EventDate "2021.09.07"]
[EventType "team-tourn"]
[EventRounds "11"]
[EventCountry "SRB"]
[SourceTitle "CBM 204 Extra"]
[Source "ChessBase"]
[SourceDate "2021.11.30"]
[SourceVersion "1"]
[SourceVersionDate "2021.11.30"]
[SourceQuality "1"]
[WhiteTeam "Belgrade Politika"]
[BlackTeam "Goracici Jelica"]
[WhiteTeamCountry "SRB"]
[BlackTeamCountry "SRB"]

1. d4 d6 2. Nf3 g6 3. e4 Bg7 4. Bd3 e5 5. dxe5 dxe5 6. 0-0 Nd7 7. Qe2 Ngf6 8. Rd1 0-0 9. Bc4 Nh5 10. Bg5 Qe8 11. Nc3 c6 12. Qd2 Nb6 13. Bb3 Bg4 14. Qe3 Be6 15. Bh6 Qe7 16. Ne2 Nc4 17. Bxc4 Bxh6 18. Qxh6 Bxc4 19. Ng3 Nf4 20. b3 Ba6 21. Rd2 Rad8 22. Rad1 f6 23. h4 Rxd2 24. Rxd2 Rd8 25. c4 b5 26. cxb5 Rxd2 27. Nxd2 cxb5 28. Ngf1 Qc5 29. g3 Nh3+ 30. Kg2 Nxf2 31. b4 Qb6 32. Ne3 Nxe4 33. Nxe4 Bb7 34. Ng4 Bxe4+ 35. Kf1 Qd6 36. Nf2 Qxb4 37. Qe3 Qb1+ 38. Ke2 Qxa2+ 39. Kf1 Qa1+ 40. Ke2 Bd5 41. Ng4 Qa2+ 42. Ke1 Qb1+ 43. Kd2 Qb4+ 0-1

[Event "Gligoric Cup 7th"]
[Site "Backa Palanka"]
[Date "2021.06.04"]
[Round "2.2"]
[White "Radovanovic, Mihajlo"]
[Black "Stankovic, Milos M"]
[Result "1-0"]
[WhiteElo "2457"]
[BlackElo "2348"]
[PlyCount "100"]
[EventDate "2021.06.03"]
[EventType "team-tourn"]
[EventRounds "5"]
[EventCountry "SRB"]
[SourceTitle "CBM 203 Extra"]
[Source "ChessBase"]
[SourceDate "2021.09.30"]
[SourceVersion "1"]
[SourceVersionDate "2021.09.30"]
[SourceQuality "1"]
[WhiteTeam "Goracici Jelica"]
[BlackTeam "Backa Palanka"]
[WhiteTeamCountry "SRB"]
[BlackTeamCountry "SRB"]

1. Nf3 d6 2. d4 g6 3. e4 Bg7 4. Bc4 a6 5. a4 e6 6. 0-0 Ne7 7. a5 0-0 8. Nbd2 Nd7 9. Nb3 h6 10. Qe2 g5 11. Bd2 Ng6 12. Bd3 Qe7 13. e5 dxe5 14. Bxg6 fxg6 15. Nxe5 Nxe5 16. dxe5 Rf5 17. Bc3 Bd7 18. Qe3 g4 19. Nd4 Rh5 20. Ne2 Qh4 21. Qg3 Bb5 22. Rfe1 Bxe2 23. Qxh4 Rxh4 24. Rxe2 Rh5 25. Ra4 Rg5 26. Rb4 Rb8 27. Bd2 Rxe5 28. Rxe5 Bxe5 29. Bxh6 Kf7 30. Be3 b5 31. axb6 cxb6 32. Bxb6 Bc7 33. Bc5 Rd8 34. g3 Be5 35. Rb7+ Kg8 36. c3 Rd1+ 37. Kg2 Rb1 38. Ba3 Bxc3 39. Re7 Bf6 40. Rxe6 Kf7 41. Rxa6 Ra1 42. Ra4 Ra2 43. Rf4 Kg7 44. Bf8+ Kf7 45. Bb4 Kg7 46. Bc3 Bxc3 47. bxc3 Rc2 48. c4 Rc3 49. Rxg4 Kf6 50. h4 Ke5 1-0

[Event "FISU World University KO"]
[Site "Tornelo INT"]
[Date "2020.10.29"]
[Round "1"]
[White "Radovanovic, Mihajlo"]
[Black "Terbe, Zsuzsanna"]
[Result "1-0"]
[WhiteElo "2457"]
[BlackElo "2198"]
[PlyCount "73"]
[EventDate "2020.10.29"]
[EventType "team-k.o. (rapid)"]
[EventRounds "4"]
[EventCountry "NET"]
[SourceTitle "CBM 199 Extra"]
[Source "ChessBase"]
[SourceDate "2021.01.31"]
[SourceVersion "1"]
[SourceVersionDate "2021.01.31"]
[SourceQuality "1"]
[WhiteTeam "Serbia"]
[BlackTeam "Hungary"]
[WhiteTeamCountry "SRB"]
[BlackTeamCountry "HUN"]

1. Nf3 d5 2. g3 Bg4 3. Bg2 e6 4. c4 c6 5. cxd5 exd5 6. 0-0 Nf6 7. d3 Be7 8. Qb3 Qb6 9. Be3 Qxb3 10. axb3 a6 11. Na3 Nbd7 12. Nc2 0-0 13. b4 Rfe8 14. Nfd4 Bd6 15. h3 Bh5 16. g4 Bg6 17. f4 h6 18. f5 Bh7 19. Bf4 Bxf4 20. Rxf4 Ne5 21. Nb3 Re7 22. Ncd4 Ne8 23. b5 cxb5 24. Nxb5 Rd8 25. Nc3 Nc7 26. Ra5 Red7 27. Nc5 Nc6 28. Ra1 d4 29. Nxd7 dxc3 30. Bxc6 cxb2 31. Rb1 bxc6 32. Rxb2 g5 33. fxg6 Bxg6 34. Ne5 Nd5 35. Rc4 Re8 36. Nxg6 fxg6 37. Rxc6 1-0

[Event "FISU World University"]
[Site "Tornelo INT"]
[Date "2020.10.27"]
[Round "6.4"]
[White "Radovanovic, Mihajlo"]
[Black "Agibileg, Uurtsaikh"]
[Result "1/2-1/2"]
[WhiteElo "2457"]
[BlackElo "2413"]
[PlyCount "127"]
[EventDate "2020.10.26"]
[EventType "team-swiss (rapid)"]
[EventRounds "9"]
[EventCountry "NET"]
[SourceTitle "CBM 199 Extra"]
[Source "ChessBase"]
[SourceDate "2021.01.31"]
[SourceVersion "1"]
[SourceVersionDate "2021.01.31"]
[SourceQuality "1"]
[WhiteTeam "Serbia"]
[BlackTeam "Mongolia"]
[WhiteTeamCountry "SRB"]
[BlackTeamCountry "MGL"]

1. d4 Nf6 2. Bf4 g6 3. Nc3 d5 4. e3 Bg7 5. h4 0-0 6. h5 c5 7. hxg6 hxg6 8. Nf3 Nc6 9. Ne5 cxd4 10. exd4 Qb6 11. Nxc6 bxc6 12. Qd2 Nh5 13. Be3 f5 14. g3 Qxb2 15. Rb1 Qa3 16. Rb3 Qa5 17. Be2 Nf6 18. Bh6 Bxh6 19. Rxh6 Kf7 20. Kf1 Ba6 21. Qg5 Rg8 22. Kg2 Rg7 23. Bxa6 Qxa6 24. Nd1 Qe2 25. Rh1 Qxc2 26. Rb7 Qe4+ 27. f3 Qxd4 28. Nf2 Qe5 29. Qd2 Qd6 30. Nh3 Kg8 31. Ng5 e5 32. Rxg7+ Kxg7 33. Rb1 Rb8 34. Ne6+ Kf7 35. Ng5+ Ke7 36. Rxb8 Qxb8 37. Qc3 Qc7 38. Qc5+ Qd6 39. Qxa7+ Nd7 40. Qa8 d4 41. Qg8 Qf6 42. Qh7+ Kd8 43. Qg8+ Kc7 44. Ne6+ Kd6 45. Ng7 Kc5 46. Ne6+ Kb6 47. Qe8 Nc5 48. Qb8+ Nb7 49. Qc7+ Ka6 50. Qxc6+ Ka7 51. Qa4+ Kb8 52. Qd7 e4 53. Nxd4 exf3+ 54. Kxf3 Qh8 55. Kg2 Ka7 56. a4 Ka8 57. Qd5 Qd8 58. Qc4 Qd7 59. Qa6+ Kb8 60. Qc4 Ka8 61. Qa6+ Kb8 62. Qc4 Ka8 63. Qa6+ Kb8 64. Qc4 1/2-1/2

[Event "SRB-chT 1st League"]
[Site "Bajina Basta"]
[Date "2020.10.14"]
[Round "7.6"]
[White "Radovanovic, Mihajlo"]
[Black "Djordjevic, Vuk D"]
[Result "1-0"]
[WhiteElo "2457"]
[BlackElo "2347"]
[PlyCount "69"]
[EventDate "2020.10.10"]
[EventType "team-tourn"]
[EventRounds "11"]
[EventCountry "SRB"]
[SourceTitle "CBM 198 Extra"]
[Source "ChessBase"]
[SourceDate "2020.11.30"]
[SourceVersion "1"]
[SourceVersionDate "2020.11.30"]
[SourceQuality "1"]
[WhiteTeam "Kragujevac Radnicki"]
[BlackTeam "Paracin"]
[WhiteTeamCountry "SRB"]
[BlackTeamCountry "SRB"]

1. Nf3 Nf6 2. c4 e6 3. Nc3 Bb4 4. Qc2 d6 5. a3 Bxc3 6. Qxc3 0-0 7. e3 b6 8. Be2 Bb7 9. 0-0 Nbd7 10. b4 Ne4 11. Qc2 f5 12. d3 Ng5 13. Nxg5 Qxg5 14. f3 Qe7 15. d4 c5 16. Bb2 e5 17. d5 f4 18. exf4 Rxf4 19. g3 Rf7 20. Bd3 g6 21. Rae1 Qg5 22. Re4 Raf8 23. Bc1 Qe7 24. Bh6 Re8 25. Rg4 Nf8 26. h4 Kh8 27. h5 gxh5 28. Bg5 Qc7 29. Rh4 Nd7 30. Rxh5 Rg8 31. Kg2 Bc8 32. Bxh7 Rxg5 33. Rxg5 Rxh7 34. Qxh7+ Kxh7 35. Rh1# 1-0

[Event "SRB-chT 1st League"]
[Site "Bajina Basta"]
[Date "2020.10.13"]
[Round "6.2"]
[White "Irizanin, Radoje"]
[Black "Radovanovic, Mihajlo"]
[Result "1/2-1/2"]
[WhiteElo "2331"]
[BlackElo "2457"]
[PlyCount "59"]
[EventDate "2020.10.10"]
[EventType "team-tourn"]
[EventRounds "11"]
[EventCountry "SRB"]
[SourceTitle "CBM 198 Extra"]
[Source "ChessBase"]
[SourceDate "2020.11.30"]
[SourceVersion "1"]
[SourceVersionDate "2020.11.30"]
[SourceQuality "1"]
[WhiteTeam "Cacak Borac"]
[BlackTeam "Kragujevac Radnicki"]
[WhiteTeamCountry "SRB"]
[BlackTeamCountry "SRB"]

1. c4 g6 2. g3 Bg7 3. Bg2 d6 4. Nc3 e5 5. e4 Nc6 6. Nge2 Nh6 7. d3 0-0 8. h4 Nd4 9. f3 c6 10. Be3 Qb6 11. 0-0 f5 12. Qd2 f4 13. gxf4 exf4 14. Bxd4 Bxd4+ 15. Nxd4 Qxd4+ 16. Qf2 Qxd3 17. Rfd1 Qxc4 18. Rxd6 Nf7 19. Rf6 Ne5 20. Rxf8+ Kxf8 21. Rd1 Be6 22. Rd4 Qa6 23. Ra4 Qd3 24. Qc5+ Kf7 25. Qxe5 Qe3+ 26. Kh2 Rd8 27. Qg5 Rd2 28. e5 Bf5 29. Rxf4 Qxe5 30. Qg3 1/2-1/2

[Event "SRB-chT 1st League"]
[Site "Bajina Basta"]
[Date "2020.10.10"]
[Round "1.3"]
[White "Radovanovic, Mihajlo"]
[Black "Sredojevic, Ivan"]
[Result "1-0"]
[WhiteElo "2457"]
[BlackElo "2258"]
[PlyCount "89"]
[EventDate "2020.10.10"]
[EventType "team-tourn"]
[EventRounds "11"]
[EventCountry "SRB"]
[SourceTitle "CBM 198 Extra"]
[Source "ChessBase"]
[SourceDate "2020.11.30"]
[SourceVersion "1"]
[SourceVersionDate "2020.11.30"]
[SourceQuality "1"]
[WhiteTeam "Kragujevac Radnicki"]
[BlackTeam "Valjevo Krusik"]
[WhiteTeamCountry "SRB"]
[BlackTeamCountry "SRB"]

1. Nf3 Nf6 2. c4 c5 3. g3 b6 4. Bg2 Bb7 5. 0-0 e6 6. Nc3 Be7 7. d4 cxd4 8. Qxd4 d6 9. Bg5 a6 10. Rfd1 Nbd7 11. Qd2 Qc7 12. Bf4 e5 13. Be3 Rc8 14. Rac1 Qb8 15. b3 0-0 16. Bh3 Rcd8 17. Nh4 Ne4 18. Nxe4 Bxe4 19. Nf5 Bxf5 20. Bxf5 Nc5 21. b4 Ne6 22. Qd5 Bg5 23. Bxg5 Nxg5 24. h4 Ne6 25. Bxe6 fxe6 26. Qxe6+ Kh8 27. Rd3 Rf6 28. Qd5 Rdf8 29. Rf3 Rxf3 30. exf3 h6 31. Kg2 Qc7 32. Rd1 Rf6 33. Qa8+ Kh7 34. Qxa6 Qf7 35. Qa8 Qxc4 36. Qe4+ Qxe4 37. fxe4 Kg8 38. a4 h5 39. a5 bxa5 40. bxa5 Kf7 41. a6 Ke6 42. a7 Rf8 43. f4 Ra8 44. Ra1 Kd7 45. f5 1-0